Skoki narciarskie - najdalsze loty w Planicy (zawodnicy). - Statystyki

Ogólne statystyki
  • Ten quiz został rozwiązany 173 razy
  • Średni wynik to 8 z 15
Statystyki odpowiedzi
l.p. Rok Odległość Zawodnik % Poprawnych
4. 2017 251,5m Kamil Stoch
96%
3. 2019 252m Ryoyu Kobayashi
87%
5. 2017 251m Stefan Kraft
81%
1. 2018 253,5m* Gregor Schlierenzauer
74%
2. 2016 252m* Tilen Bartol
69%
6. 2017 250m Robert Johansson
58%
7. 2017 250m Stefan Kraft
58%
15. 2019 248m Piotr Żyła
57%
8. 2021 249,5m Bor Pavlovcic
49%
10. 2015 248,5m Peter Prevc
49%
11. 2018 248,5m Kamil Stoch
42%
14. 2019 248m Markus Eisenbichler
39%
12. 2017 248m Markus Eisenbichler
32%
9. 2022 249,5m* Anze Semenic
31%
13. 2019 248m Ryoyu Kobayashi
27%
Nie znaleziono quizów pasujących do podanych kryteriów
Rozkład punktacji
Procent ludzi z każdym wynikiem
Percentyl według liczby udzielonych odpowiedzi
Twoja historia wyników
Nie rozwiązałeś tego quizu